000
00257nam a22001217a 4500
003
SGT
082
_a
823
_b
ELS
100
_a
ELSON JANE
245
_a
HOW TO FLY WITH BROKEN WINGS
260
_a
LONDON
_b
HODDER PUB
_c
2015
300
_a
291
942
_2
ddc
_c
BK
999
_c
33568
_d
33568